Mort subite - Villes françaises - Statistiques

Statistiques générales
  • Ce quiz a été pris 152 fois
    115 depuis la dernière actualisation
  • Le résultat moyen est 11 sur 18
Answers on the Grid
Answers color-coded by a green-red scale on the quiz's grid according to % correct below.
Bar-le-Duc
Montélimar
Issoire
Châteauroux
Millau
Draguignan
Vierzon
Nevers
Sète
Haguenau
Figeac
Hyères
Guéret
Foix
Colmar
Quimper
Die
Marseille
Genève
Fribourg
Neuchâtel
Charleroi
Louvain
Bâle
Liège
Porrentruy
Lausanne
Trois-Rivières
Eindhoven
Namur
 
Statistiques - réponses
Réponse % Correct
Marseille
83%
Quimper
81%
Montélimar
75%
Châteauroux
73%
Colmar
71%
Sète
69%
Hyères
66%
Draguignan
64%
Millau
63%
Foix
61%
Vierzon
61%
Nevers
54%
Figeac
51%
Haguenau
51%
Issoire
51%
Bar-le-Duc
49%
Guéret
49%
Die
36%
Aucun quiz correspondant
Distribution des résultats
% des personnes avec chaque résultat
Percentile par nombre de réponses
Votre historique - résultats
Vous n’avez pas pris ce quiz depuis la dernière actualisation